Programming in C with numerical methods for engineers / (Record no. 541675)

000 -LEADER
fixed length control field 00595cam a2200169 a 4500
020 ## - INTERNATIONAL STANDARD BOOK NUMBER
International Standard Book Number 0137264984
082 00 - DEWEY DECIMAL CLASSIFICATION NUMBER
Classification number 005.13/3
Author Mark ROJ
-- MCE, L-38, p-162
100 1# - MAIN ENTRY--PERSONAL NAME
Personal name Rojiani, Kamal B.
9 (RLIN) 36670
245 10 - TITLE STATEMENT
Title Programming in C with numerical methods for engineers /
Statement of responsibility, etc. K.B. Rojiani.
260 ## - PUBLICATION, DISTRIBUTION, ETC.
Place of publication, distribution, etc. Upper Saddle River, N.J. :
Name of publisher, distributor, etc. Prentice Hall,
Date of publication, distribution, etc. 1996.
300 ## - PHYSICAL DESCRIPTION
Extent xviii, 1130 p. :
Other physical details ill. ;
Dimensions 24 cm.
500 ## - GENERAL NOTE
General note Includes index.
526 ## - STUDY PROGRAM INFORMATION NOTE
Program name 0
Interest level 0
Reading level 0
Title point value 005_133000000000000_ROJ
650 #0 - SUBJECT ADDED ENTRY--TOPICAL TERM
Topical term or geographic name entry element C (Computer program language)
9 (RLIN) 1226
650 #0 - SUBJECT ADDED ENTRY--TOPICAL TERM
Topical term or geographic name entry element Engineering mathematics
General subdivision Data processing.
9 (RLIN) 133
942 ## - ADDED ENTRY ELEMENTS (KOHA)
Source of classification or shelving scheme
Koha item type Book
Holdings
Withdrawn status Lost status Source of classification or shelving scheme Damaged status Not for loan Permanent Location Current Location Date acquired Total Checkouts Full call number Barcode Date last seen Copy number Price effective from Koha item type
          Military College of Engineering (MCE) Military College of Engineering (MCE) 08/22/2013   005.13/3 ROJ MCE-40423 08/22/2013 1 08/22/2013 Book
© 2023 Central Library, National University of Sciences and Technology. All Rights Reserved.